|
000
|
00811nam0 2200241 450
|
|
001
|
CAL 010090155999
|
|
005
|
20111111141507.3
|
|
010
|
|
@a978-7-304-05238-6@dCNY36.00
|
|
100
|
|
@a20111110d2011 em y0chiy0121 ea
|
|
101
|
0
|
@achi
|
|
102
|
|
@aCN@b110000
|
|
105
|
|
@aa a 000yc
|
|
106
|
|
@ar
|
|
200
|
1
|
@a民国的气质@Amin guo de qi zhi@f落尘著
|
|
210
|
|
@a北京@c中央广播电视大学出版社@d2011.09
|
|
215
|
|
@a290页@c图@d23cm
|
|
320
|
|
@a有书目 (第290页)
|
|
330
|
|
@a本书主要内容包括: 秋瑾: 洒去犹能化碧涛 ; 吕碧城: 我到人间只此回 ; 张幼仪: 小脚与西服 ; 宋清如: 春天已轻轻地流过 ; 张可: 人淡如菊等。
|
|
606
|
0
|
@a历史人物@Ali shi ren wu@x生平事迹@y中国@z民国
|
|
690
|
|
@aK820@v5
|
|
701
|
0
|
@a落尘@Aluo chen@4著
|
|
801
|
0
|
@aCN@bRENTIAN@c20111110
|
|
905
|
|
@aCKNYKJZYXY@b300513328-30@dK820@e50@f3
|
|
|
|
|
| |
| 民国的气质/落尘著.-北京:中央广播电视大学出版社,2011.09 |
| 290页:图;23cm |
| |
| |
| ISBN 978-7-304-05238-6:CNY36.00 |
| 本书主要内容包括: 秋瑾: 洒去犹能化碧涛 ; 吕碧城: 我到人间只此回 ; 张幼仪: 小脚与西服 ; 宋清如: 春天已轻轻地流过 ; 张可: 人淡如菊等。 |
| ● |
正题名:民国的气质
索取号:K820/50
 
预约/预借
| 序号
|
登录号
|
条形码
|
馆藏地/架位号
|
状态
|
备注
|
|
1
|
513328
|
300513328
|
柳城-4楼/47架5列3层/
[索取号:K820/50]
|
在馆
|
|
|
2
|
513329
|
300513329
|
柳城-4楼/47架5列3层/
[索取号:K820/50]
|
在馆
|
|
|
3
|
513330
|
300513330
|
柳城-4楼/47架5列3层/
[索取号:K820/50]
|
在馆
|
|